चमत्कारी हस्तरेखाएं: (Record no. 38151)
[ view plain ]
| 000 -LEADER | |
|---|---|
| fixed length control field | 01094nam a22002057a 4500 |
| 005 - DATE AND TIME OF LATEST TRANSACTION | |
| control field | 2010072907447.0 |
| 010 ## - LCCN (DPL NO) | |
| LC control number | HIN-89769 |
| 020 ## - INTERNATIONAL STANDARD BOOK NUMBER | |
| Terms of availability | 150.00 |
| International Standard Book Number | 9788128823930 |
| 035 ## - SYSTEM CONTROL NUMBER | |
| System control number | HN-62115 |
| 037 ## - SOURCE OF ACQUISITION | |
| Source of stock number/acquisition | DBAD / PUB |
| 082 ## - DEWEY DECIMAL CLASSIFICATION NUMBER | |
| Classification number | 133.5 |
| 100 ## - MAIN ENTRY--PERSONAL NAME | |
| Personal name | शर्मा, वी.के. |
| 245 ## - TITLE STATEMENT | |
| Title | चमत्कारी हस्तरेखाएं: |
| Statement of responsibility, etc | वी.के.शर्मा |
| Remainder of title | हस्तरेखाओं की सम्पूर्ण गाइड / |
| 260 ## - PUBLICATION, DISTRIBUTION, ETC. (IMPRINT) | |
| Place of publication, distribution, etc | नई दिल्ली |
| Name of publisher, distributor, etc | डायमंड पॉकेट बुक्स |
| Date of publication, distribution, etc | 2010 |
| 270 ## - ADDRESS | |
| Address | X-30,ओखला इंडस्ट्रियल एरिया, फेज-11 |
| City | नई दिल्ली |
| Postal code | 110020 |
| Telephone number | 011 41611861 |
| Fax number | 011 41611866 |
| Electronic mail address | sales@dpb.in |
| 300 ## - PHYSICAL DESCRIPTION | |
| Extent | 200पृ |
| Dimensions | 22सेमी (अजिल्द) |
| Other physical details | सचित्र |
| 700 ## - ADDED ENTRY--PERSONAL NAME | |
| 9 (RLIN) | 2266 |
| 942 ## - ADDED ENTRY ELEMENTS (KOHA) | |
| Source of classification or shelving scheme | Dewey Decimal Classification |
| Item type | Hindi Books |
| Classification part | 133.5 |
| Call number suffix | शर्मावी |
| Withdrawn status | Lost status | Not for loan | Collection code | Home library | Current library | Date acquired | Source of acquisition | Cost, normal purchase price | Full call number | Barcode | Copy number | Cost, replacement price | Koha item type |
|---|---|---|---|---|---|---|---|---|---|---|---|---|---|
| Not For Loan | Non-fiction | D.B.Act.Division | D.B.Act.Division | 29/07/2010 | DBAD / PUB | 150.00 | 133.5 शर्मावी | HN-62115 | 1 | 150.00 | Hindi Books |
